Statistics for Guess the Taylor Swift song by the first line #6

Click here to take the quiz!

General Stats

  • This quiz has been taken 587 times
  • The average score is 10 of 15

Answer Stats

First lineSong% Correct
" Now go stand in the corner and think about what you did "Better Than Revenge
91%
" You're talking shit for the hell of it, addicted to betrayal, but you're relevant "Karma
85%
" Green was the color of the grass where I used to read at Centennial Park "invisible string
82%
" Once upon a time, the planets and the fates, and all the stars aligned "Mastermind
77%
" There's glitter on the floor after the party, girls carrying their shoes down in the lobby "New Year's Day
77%
" I blew things out of proportion, now you're blue, put you in jail for something you didn't do "Afterglow
66%
" Is it romantic how all my elegies eulogize me? I'm not cut out for all these cynical clones "the lakes
66%
" I sit and watch you reading with your head low, I wake and watch you breathing with your eyes closed "tolerate it
64%
" How's one to know? I'd meet you where the spirit meets the bones "ivy
60%
" It's 2 A.M. in your car, windows down, I pass my street "I Wish You Would
60%
" Clear blue water, high tide came and brought you in "This Love
56%
" We were crazy to think, crazy to think that this could work "False God
55%
" How many days did I spend thinkin' 'bout how you did me wrong, wrong, wrong? "I Forgot That You Existed
53%
" New to town with a made-up name, in the angel's city, chasing fortune and fame "The Lucky One
50%
" Find myself at your door, just like all those times before "The Last Time
45%

Score Distribution

Percentile by Number Answered

Percent of People with Each Score

Your Score History

You have not taken this quiz